Plan Nacional de Desarrollo: conceptos fundamentales

Spremljeno u:
Bibliografski detalji
Autor kompanije: UNAH
Format: Tekst
Izdano: Tegucigalpa: UNAH
Oznake: Dodaj oznaku
Bez oznaka, Budi prvi tko označuje ovaj zapis!

MARC

LEADER 00000 a a2200000 04500
001 23512
003
040
090 |a 163400  
110 |a UNAH  
245 |a Plan Nacional de Desarrollo: conceptos fundamentales  
260 |a Tegucigalpa:   |b UNAH  
300 |a 32 p.   |b il.  
999 |c 11792  |d 11792